[Event "CAN-ch U14"]
[Site "Ottawa"]
[Date "2007.07.03"]
[Round "1"]
[White "Keith Jacques, Liam"]
[Black "Jankiewicz, Skyler"]
[Result "1-0"]
[WhiteElo "1982"]
[BlackElo "1295"]
[PlyCount "193"]
[EventDate "2007.07.03"]
[EventType "swiss"]
[EventRounds "7"]
[EventCountry "CAN"]
[SourceTitle "EXT 2022"]
[Source "ChessBase"]
[SourceDate "2021.10.06"]
[SourceVersion "1"]
[SourceVersionDate "2021.10.06"]
[SourceQuality "1"]

1. e4 e5 2. Nf3 Nc6 3. Bb5 f6 4. d4 a6 5. Bxc6 dxc6 6. dxe5 Qxd1+ 7. Kxd1 Bg4 8. exf6 0-0-0+ 9. Nbd2 Nxf6 10. Re1 Bc5 11. Ke2 Rhe8 12. Kf1 h6 13. Nb3 Bb6 14. Nfd2 Bh5 15. f3 g5 16. Nc4 g4 17. Nxb6+ cxb6 18. Kf2 gxf3 19. gxf3 Rf8 20. h3 Nxe4+ 21. Rxe4 Rxf3+ 22. Ke1 Rd1+ 23. Kxd1 Re3+ 24. Kd2 Rxe4 25. Kd3 Rh4 26. Be3 Rxh3 27. Rf1 Rh2 28. Rf2 Rxf2 29. Bxf2 Bg6+ 30. Kd2 Kc7 31. Nd4 Kd6 32. c3 b5 33. Ne2 Bf7 34. a3 Kd5 35. Nd4 c5 36. Nf5 h5 37. Ke3 Ke5 38. Nh4 b6 39. Bg3+ Kd5 40. Bc7 Kc6 41. Bd8 a5 42. b4 cxb4 43. cxb4 axb4 44. axb4 Kd5 45. Bxb6 Kc4 46. Bc5 Be6 47. Kf4 Bf7 48. Kg5 Be8 49. Nf5 Kd5 50. Ng3 Kc4 51. Nxh5 Kb3 52. Nf6 Bc6 53. Kf5 Kc4 54. Ke5 Bb7 55. Ne4 Ba8 56. Nd6+ Kb3 57. Nxb5 Kc4 58. Nc7 Bc6 59. Kd6 Ba4 60. Ne6 Kb5 61. Nd4+ Kc4 62. Kc7 Kd5 63. Kb6 Kc4 64. b5 Bxb5 65. Nxb5 Kd5 66. Nc7+ Ke5 67. Kc6 Ke4 68. Kd6 Kd3 69. Kd5 Kc3 70. Nb5+ Kd2 71. Kd4 Ke2 72. Ke4 Kf1 73. Nc3 Kg2 74. Kf4 Kh1 75. Kf3 Kh2 76. Ne2 Kh1 77. Ng3+ Kh2 78. Ba7 Kh3 79. Bg1 Kh4 80. Ne4 Kh3 81. Ng5+ Kh4 82. Kf4 Kh5 83. Kf5 Kh4 84. Bf2+ Kh5 85. Bg3 Kh6 86. Ne6 Kh5 87. Bf2 Kh6 88. Bd4 Kh5 89. Bf6 Kh6 90. Bg5+ Kh7 91. Kf6 Kg8 92. Kg6 Kh8 93. Bh6 Kg8 94. Ng5 Kh8 95. Ne4 Kg8 96. Nf6+ Kh8 97. Bg7# 1-0